000 00328nam a2200133Ia 4500
008 230917s9999||||xx |||||||||||||| ||und||
040 _e93552
_aMAIN
041 _aEnglish
082 _a677.02862 S23S
100 _aSharma, Sudarshan
245 0 _aStructural mechanics of drf yarn by microtomy
300 _a33 p.
942 _cTH
999 _c50960
_d50960